Folk dance tradition of Punjab / (Record no. 69160)

MARC details
000 -LEADER
fixed length control field 00869nam a22002417a 4500
005 - DATE AND TIME OF LATEST TRANSACTION
control field 20120821151726.0
008 - FIXED-LENGTH DATA ELEMENTS--GENERAL INFORMATION
fixed length control field 120821t xxu||||| |||| 00| 0 eng d
010 ## - LCCN (DPL NO)
LC control number ENG-105592
020 ## - INTERNATIONAL STANDARD BOOK NUMBER
International Standard Book Number 9789350176092
Terms of availability 295.00
035 ## - SYSTEM CONTROL NUMBER
System control number EN-89125
037 ## - SOURCE OF ACQUISITION
Source of stock number/acquisition DBAD/PUB
040 ## - CATALOGING SOURCE
Original cataloging agency DPL
Language of cataloging Eng
082 ## - DEWEY DECIMAL CLASSIFICATION NUMBER
Classification number 793.31954552
100 ## - MAIN ENTRY--PERSONAL NAME
9 (RLIN) 51282
Personal name Badhwar, Sneh Lata
245 ## - TITLE STATEMENT
Title Folk dance tradition of Punjab /
Statement of responsibility, etc by Sneh Lata Badhwar
260 ## - PUBLICATION, DISTRIBUTION, ETC. (IMPRINT)
Place of publication, distribution, etc Chandigarh
Name of publisher, distributor, etc Unistar Books
Date of publication, distribution, etc 2012
270 ## - ADDRESS
Address S.C.O.26-27, Sector 34A
City Chandigarh
Postal code 160022
300 ## - PHYSICAL DESCRIPTION
Extent 167p.
Dimensions 22cm(Hb)
500 ## - GENERAL NOTE
General note Includes bibliographical references
700 ## - ADDED ENTRY--PERSONAL NAME
9 (RLIN) 51286
942 ## - ADDED ENTRY ELEMENTS (KOHA)
Source of classification or shelving scheme Dewey Decimal Classification
Item type English Books
Call number suffix BAD
Classification part 793.31954552
Holdings
Withdrawn status Lost status Source of classification or shelving scheme Damaged status Not for loan Collection code Home library Current library Date acquired Source of acquisition Cost, normal purchase price Total Checkouts Full call number Barcode Date last seen Copy number Cost, replacement price Koha item type
    Dewey Decimal Classification   Not For Loan Non-fiction D.B.Act.Division D.B.Act.Division 21/08/2012 DBAD / PUB 295.00   793.31954552 BAD EN-89125 21/08/2012 1 295.00 English Books

© Delhi Public Library
Hit Counter
free hit counter